Nonparametrics (Record no. 18033)

MARC details
000 -LEADER
fixed length control field 00495nam a22001817a 4500
003 - CONTROL NUMBER IDENTIFIER
control field OSt
005 - DATE AND TIME OF LATEST TRANSACTION
control field 20191118113238.0
008 - FIXED-LENGTH DATA ELEMENTS--GENERAL INFORMATION
fixed length control field 191118b xxu||||| |||| 00| 0 eng d
020 ## - INTERNATIONAL STANDARD BOOK NUMBER
International Standard Book Number 0387352120
040 ## - CATALOGING SOURCE
Transcribing agency KABU
050 ## - LIBRARY OF CONGRESS CALL NUMBER
Classification number QA278.8
Item number .L44 2006 c.1
100 ## - MAIN ENTRY--PERSONAL NAME
Relator code Lehmann, Erich L.
245 ## - TITLE STATEMENT
Title Nonparametrics
Remainder of title Statistical methods Based on Ranks
Statement of responsibility, etc. Erich L. Lehmann
260 ## - PUBLICATION, DISTRIBUTION, ETC. (IMPRINT)
Place of publication, distribution, etc. New York
Name of publisher, distributor, etc. Springer
Date of publication, distribution, etc. 2006
300 ## - PHYSICAL DESCRIPTION
Extent xvi, 463p.
650 ## - SUBJECT ADDED ENTRY--TOPICAL TERM
Source of heading or term Nonparametric statistics
942 ## - ADDED ENTRY ELEMENTS (KOHA)
Source of classification or shelving scheme Library of Congress Classification
Koha item type General Collection
Holdings
Withdrawn status Lost status Source of classification or shelving scheme Not for loan Home library Current library Date acquired Cost, normal purchase price Total Checkouts Total Renewals Full call number Barcode Date last seen Date last checked out Price effective from Koha item type
    Library of Congress Classification   Kabarak, Main Campus Kabarak, Main Campus 18/11/2019 6387.00 2 1 QA278.8 .L44 2006 c.1 023906 22/11/2022 03/11/2022 18/11/2019 General Collection
Designed with assistance from East African Informatics Ltd